Los SS tienen la palabra (Record no. 117901)

MARC details
000 -LEADER
campo de control de longitud fija 00849nam a2200229 i 4500
001 - NÚMERO DE CONTROL
campo de control 117901
003 - IDENTIFICADOR DE NÚMERO DE CONTROL
campo de control ES-MaACL
005 - FECHA Y HORA DE LA ÚLTIMA TRANSACCIÓN
campo de control 20230906191007.0
007 - CAMPO FIJO DE DESCRIPCIÓN FÍSICA--INFORMACIÓN GENERAL
campo de control de longitud fija t|
008 - DATOS DE LONGITUD FIJA--INFORMACIÓN GENERAL
campo de control de longitud fija 070214s1972 sp f r ||||1| spa d
080 ## - NÚMERO DE LA CLASIFICACIÓN DECIMAL UNIVERSAL
Número de la Clasificación Decimal Universal 343.819.3(436.2 Mauthausen)
100 1# - ENTRADA PRINCIPAL--NOMBRE DE PERSONA
Nombre de persona Pappalettera, Vincenzo.
9 (RLIN) 88885
245 14 - MENCIÓN DEL TÍTULO
Título Los SS tienen la palabra
Resto del título : las leyes del campo de Mauthausen reveladas por los Schutz-Staffel /
Mención de responsabilidad, etc. Vincenzo y Luigi Pappalettera ; [versión de Gonzalo Arias].
250 ## - MENCION DE EDICION
Mención de edición 1ª ed.
260 ## - PUBLICACIÓN, DISTRIBUCIÓN, ETC.
Lugar de publicación, distribución, etc. Barcelona :
Nombre del editor, distribuidor, etc. Laia,
Fecha de publicación, distribución, etc. 1972.
300 ## - DESCRIPCIÓN FÍSICA
Extensión 192 p., 4 lám. ;
Dimensiones 21 cm.
650 04 - PUNTO DE ACCESO ADICIONAL DE MATERIA--TÉRMINO DE MATERIA
Término de materia o nombre geográfico como elemento de entrada Guerra mundial, 1939-1945-
Subdivisión general Campos de concentración.
9 (RLIN) 13235
651 #4 - PUNTO DE ACCESO ADICIONAL DE MATERIA--NOMBRE GEOGRÁFICO
Nombre geográfico Mauthausen (Austria, Campo de concentración)-
Subdivisión general Historia.
9 (RLIN) 155377
700 1# - ENTRADA AGREGADA--NOMBRE PERSONAL
Nombre de persona Pappalettera, Luigi.
9 (RLIN) 88884
700 1# - ENTRADA AGREGADA--NOMBRE PERSONAL
Nombre de persona Arias, Gonzalo.
9 (RLIN) 22747
852 ## - LOCALIZACIÓN
Ubicación ES-MaACL
Número de control de estantería C-47991
Holdings
Estatus retirado Estado de pérdida Estado de daño No para préstamo Biblioteca de origen Biblioteca actual Ubicación en estantería Fecha de adquisición Fuente de adquisición Total de préstamos Signatura topográfica completa Código de barras Visto por última vez Precio de reemplazo Tipo de ítem Koha
        Biblioteca del Ateneo de Madrid Biblioteca del Ateneo de Madrid Depósito 2 17/01/2008     C-47991 1122916 23/02/2023 23/02/2023 Libro impreso